[Event "80th ARM-ch 2020"]
[Site "Yerevan"]
[Date "2020.01.18"]
[Round "7.4"]
[White "Gharibyan, Mamikon"]
[Black "Martirosyan, Haik M."]
[Result "1/2-1/2"]
[WhiteElo "2381"]
[BlackElo "2613"]
[Annotator "ChessBase"]
[PlyCount "93"]
[EventDate "2020.01.12"]
[EventType "tourn"]
[EventCountry "ARM"]
[SourceTitle "playchess.com"]
[Source "ChessBase"]
[SourceQuality "1"]
[TimeControl "40/5400+30:1800+30"]

1. Nf3 {[%emt 0:00:09]} Nf6 {[%emt 0:00:06]} 2. c4 {[%emt 0:00:38]} e6 {[%emt 0:00:20]} 3. d4 {[%emt 0:01:56]} d5 {[%emt 0:00:38]} 4. Nc3 {[%emt 0:01:38]} c6 {[%emt 0:00:55]} 5. e3 {[%emt 0:05:05]} a6 {[%emt 0:01:18]} 6. Qc2 {[%emt 0:03:54]} Nbd7 {[%emt 0:02:30]} 7. b3 {[%emt 0:07:19]} Bb4 {[%emt 0:03:27]} 8. a3 {[%emt 0:03:54]} Ba5 {[%emt 0:03:16]} 9. Bb2 {[%emt 0:02:07]} O-O {[%emt 0:03:33]} 10. Bd3 {[%emt 0:00:25]} dxc4 {[%emt 0:06:09]} 11. bxc4 {[%emt 0:06:24]} c5 {[%emt 0:00:19]} 12. O-O {[%emt 0:00:58]} Bc7 {[%emt 0:03:59]} 13. Rad1 {[%emt 0:03:15]} Qe7 {[%emt 0:02:57]} 14. Rfe1 {[%emt 0:03:19]} Rb8 {[%emt 0:03:16]} 15. d5 {[%emt 0:11:49]} e5 {[%emt 0:08:52]} 16. d6 {[%emt 0:10:45]} Bxd6 {[%emt 0:00:10]} 17. Nd5 {[%emt 0:00:15]} Nxd5 {[%emt 0:06:31]} 18. Bxh7+ {[%emt 0:00:10]} Kh8 {[%emt 0:00:05]} 19. Rxd5 {[%emt 0:00:49]} Bc7 {[%emt 0:06:27]} 20. Bf5 {[%emt 0:12:57]} Nf6 {[%emt 0:03:50]} 21. Rdd1 {[%emt 0:00:33]} Re8 {[%emt 0:07:13]} 22. a4 {[%emt 0:04:38]} Kg8 {[%emt 0:04:55]} 23. h3 {[%emt 0:04:35]} Bxf5 {[%emt 0:07:23]} 24. Qxf5 {[%emt 0:00:07]} g6 {[%emt 0:00:08]} 25. Qc2 {[%emt 0:00:38]} e4 {[%emt 0:03:05]} 26. Nd2 {[%emt 0:05:46]} Be5 {[%emt 0:02:12]} 27. Nb1 {[%emt 0:02:38]} Rbd8 {[%emt 0:04:43]} 28. Qb3 {[%emt 0:01:30]} Bxb2 {[%emt 0:03:44]} 29. Qxb2 {[%emt 0:00:07]} Qe6 {[%emt 0:01:00]} 30. Qxb7 {[%emt 0:02:23]} Rb8 {[%emt 0:02:32]} 31. Qc7 {[%emt 0:01:00]} Qxc4 {[%emt 0:01:18]} 32. Rc1 {[%emt 0:00:40]} Qxa4 {[%emt 0:00:19]} 33. Qxc5 {[%emt 0:00:18]} Qa2 {[%emt 0:03:00]} 34. Nc3 {[%emt 0:00:43]} Qe6 {[%emt 0:00:06]} 35. Red1 {[%emt 0:00:43]} Rec8 {[%emt 0:01:11]} 36. Qa5 {[%emt 0:01:04]} Kg7 {[%emt 0:02:24]} 37. Ne2 {[%emt 0:01:11]} Rxc1 {[%emt 0:00:59]} 38. Rxc1 {[%emt 0:00:01]} Rb2 {[%emt 0:00:11]} 39. Nd4 {[%emt 0:00:31]} Qa2 {[%emt 0:00:39]} 40. Qg5 {[%emt 0:00:00]} Qd5 {[%emt 0:00:00]} 41. Qf4 {[%emt 0:04:02]} Nd7 {[%emt 0:09:38]} 42. Qc7 {[%emt 0:03:54]} Qb7 {[%emt 0:03:10]} 43. Qd8 {[%emt 0:07:05]} Rb1 {[%emt 0:01:48]} 44. Nf5+ {[%emt 0:04:39]} gxf5 {[%emt 0:02:25]} 45. Qg5+ {[%emt 0:00:07]} Kh7 {[%emt 0:01:06]} 46. Qh5+ {[%emt 0:00:18]} Kg7 {[%emt 0:00:11]} 47. Qg5+ {[%emt 0:00:04]} 1/2-1/2

[Event "80th ARM-ch 2020"]
[Site "Yerevan"]
[Date "2020.01.18"]
[Round "7.5"]
[White "Andriasian, Zaven"]
[Black "Gabuzyan, Hovhannes"]
[Result "1-0"]
[WhiteElo "2611"]
[BlackElo "2585"]
[Annotator "ChessBase"]
[PlyCount "95"]
[EventDate "2020.01.12"]
[EventType "tourn"]
[EventCountry "ARM"]
[SourceTitle "playchess.com"]
[Source "ChessBase"]
[SourceQuality "1"]
[TimeControl "40/5400+30:1800+30"]

1. e4 {[%emt 0:00:00]} c5 {[%emt 0:00:00]} 2. Nf3 {[%emt 0:00:00]} d6 {[%emt 0:00:00]} 3. d4 {[%emt 0:00:00]} cxd4 {[%emt 0:00:00]} 4. Nxd4 {[%emt 0:00:01]} Nf6 {[%emt 0:00:00]} 5. Nc3 {[%emt 0:00:12]} a6 {[%emt 0:00:03]} 6. h3 {[%emt 0:00:10]} e5 {[%emt 0:00:10]} 7. Nb3 {[%emt 0:00:54]} Be7 {[%emt 0:00:08]} 8. g4 {[%emt 0:00:15]} h6 {[%emt 0:01:02]} 9. Be3 {[%emt 0:00:12]} Be6 {[%emt 0:00:05]} 10. Qf3 {[%emt 0:00:11]} Nbd7 {[%emt 0:00:05]} 11. O-O-O {[%emt 0:00:19]} Rc8 {[%emt 0:00:03]} 12. Nd5 {[%emt 0:00:26]} Nf8 {[%emt 0:00:07]} 13. Kb1 {[%emt 0:01:49]} Ng6 {[%emt 0:01:38]} 14. Rg1 {[%emt 0:00:38]} Nh7 {[%emt 0:02:37]} 15. Be2 {[%emt 0:09:05]} O-O {[%emt 0:01:23]} 16. Rd2 {[%emt 0:04:13]} Bg5 {[%emt 0:02:47]} 17. Rgd1 {[%emt 0:02:32]} Re8 {[%emt 0:07:05]} 18. c3 {[%emt 0:17:46]} Bxd5 {[%emt 0:13:29]} 19. exd5 {[%emt 0:05:50]} Bf4 {[%emt 0:01:27]} 20. Bf1 {[%emt 0:02:41]} Qh4 {[%emt 0:01:21]} 21. a3 {[%emt 0:02:49]} Ng5 {[%emt 0:02:20]} 22. Qg2 {[%emt 0:00:13]} h5 {[%emt 0:00:46]} 23. Rc2 {[%emt 0:03:12]} Re7 {[%emt 0:02:18]} 24. Bb6 {[%emt 0:03:12]} hxg4 {[%emt 0:03:40]} 25. hxg4 {[%emt 0:00:49]} Bh2 {[%emt 0:01:18]} 26. Be2 {[%emt 0:13:56]} Nf4 {[%emt 0:00:14]} 27. Qf1 {[%emt 0:00:11]} Ne4 {[%emt 0:02:02]} 28. c4 {[%emt 0:03:21]} Qh7 {[%emt 0:00:03]} 29. Bd3 {[%emt 0:01:50]} Nxd3 {[%emt 0:00:09]} 30. Qxd3 {[%emt 0:01:55]} Bf4 {[%emt 0:00:51]} 31. f3 {[%emt 0:04:12]} Nc5 {[%emt 0:00:50]} 32. Nxc5 {[%emt 0:07:22]} dxc5 {[%emt 0:00:02]} 33. Qxh7+ {[%emt 0:00:28]} Kxh7 {[%emt 0:00:02]} 34. b4 {[%emt 0:00:35]} cxb4 {[%emt 0:02:36]} 35. axb4 {[%emt 0:00:19]} Rd7 {[%emt 0:00:03]} 36. Kb2 {[%emt 0:01:10]} Bg5 {[%emt 0:00:05]} 37. Kb3 {[%emt 0:01:09]} Bd8 {[%emt 0:00:06]} 38. Rh2+ {[%emt 0:02:59]} Kg6 {[%emt 0:01:26]} 39. Rh8 {[%emt 0:01:16]} Kg5 {[%emt 0:00:18]} 40. Be3+ {[%emt 0:00:00]} Kf6 {[%emt 0:00:00]} 41. c5 {[%emt 0:04:41]} Rcc7 {[%emt 0:00:14]} 42. Re8 {[%emt 0:01:14]} b6 {[%emt 0:00:08]} 43. d6 {[%emt 0:02:55]} Rc8 {[%emt 0:00:03]} 44. Kc4 {[%emt 0:05:21]} a5 {[%emt 0:00:05]} 45. Kd5 {[%emt 0:01:23]} bxc5 {[%emt 0:00:16]} 46. bxc5 {[%emt 0:00:25]} Rb7 {[%emt 0:00:02]} 47. Rxe5 {[%emt 0:02:05]} Kg6 {[%emt 0:00:03]} 48. Re8 {[%emt 0:00:43]} 1-0

[Event "80th ARM-ch 2020"]
[Site "Yerevan"]
[Date "2020.01.19"]
[Round "8.1"]
[White "Pashikian, Arman"]
[Black "Andriasian, Zaven"]
[Result "1/2-1/2"]
[WhiteElo "2605"]
[BlackElo "2611"]
[Annotator "ChessBase"]
[PlyCount "21"]
[EventDate "2020.01.12"]
[EventType "tourn"]
[EventCountry "ARM"]
[SourceTitle "playchess.com"]
[Source "ChessBase"]
[SourceQuality "1"]
[TimeControl "40/5400+30:1800+30"]

1. d4 {[%emt 0:00:00]} d5 {[%emt 0:00:00]} 2. c4 {[%emt 0:00:00]} c6 {[%emt 0:00:00]} 3. Nc3 {[%emt 0:00:00]} Nf6 {[%emt 0:00:00]} 4. cxd5 {[%emt 0:00:00]} cxd5 {[%emt 0:00:00]} 5. Bf4 {[%emt 0:00:00]} Nc6 {[%emt 0:00:00]} 6. Nf3 {[%emt 0:00:00]} Bf5 {[%emt 0:00:00]} 7. e3 {[%emt 0:00:00]} e6 {[%emt 0:00:01]} 8. Bd3 {[%emt 0:00:00]} Bxd3 {[%emt 0:00:07]} 9. Qxd3 {[%emt 0:00:01]} Bd6 {[%emt 0:00:01]} 10. Bxd6 {[%emt 0:00:08]} Qxd6 {[%emt 0:00:05]} 11. O-O {[%emt 0:00:03]} 1/2-1/2

[Event "80th ARM-ch 2020"]
[Site "Yerevan"]
[Date "2020.01.19"]
[Round "8.2"]
[White "Martirosyan, Haik M."]
[Black "Sargsyan, Shant"]
[Result "1-0"]
[WhiteElo "2613"]
[BlackElo "2601"]
[Annotator "ChessBase"]
[PlyCount "75"]
[EventDate "2020.01.12"]
[EventType "tourn"]
[EventCountry "ARM"]
[SourceTitle "playchess.com"]
[Source "ChessBase"]
[SourceQuality "1"]
[TimeControl "40/5400+30:1800+30"]

1. e4 {[%emt 0:00:00]} e5 {[%emt 0:00:55]} 2. Nf3 {[%emt 0:00:00]} Nc6 {[%emt 0:00:25]} 3. Bc4 {[%emt 0:00:06]} Bc5 {[%emt 0:01:04]} 4. d3 {[%emt 0:00:24]} Nf6 {[%emt 0:00:34]} 5. Bg5 {[%emt 0:00:36]} h6 {[%emt 0:00:44]} 6. Bh4 {[%emt 0:00:06]} Be7 {[%emt 0:00:40]} 7. Bg3 {[%emt 0:01:09]} d6 {[%emt 0:01:31]} 8. a3 {[%emt 0:00:31]} O-O {[%emt 0:01:45]} 9. h3 {[%emt 0:01:15]} Re8 {[%emt 0:03:36]} 10. O-O {[%emt 0:01:44]} Bf8 {[%emt 0:00:34]} 11. Re1 {[%emt 0:02:11]} g6 {[%emt 0:08:17]} 12. Nc3 {[%emt 0:12:26]} Bg7 {[%emt 0:02:29]} 13. Bh2 {[%emt 0:00:55]} Be6 {[%emt 0:03:51]} 14. Bxe6 {[%emt 0:09:30]} Rxe6 {[%emt 0:00:25]} 15. Nd5 {[%emt 0:00:05]} Re8 {[%emt 0:09:32]} 16. c4 {[%emt 0:00:23]} Nxd5 {[%emt 0:03:16]} 17. cxd5 {[%emt 0:01:28]} Ne7 {[%emt 0:00:37]} 18. b4 {[%emt 0:07:56]} Qd7 {[%emt 0:02:11]} 19. Rb1 {[%emt 0:01:19]} b5 {[%emt 0:03:18]} 20. d4 {[%emt 0:09:38]} exd4 {[%emt 0:02:13]} 21. Qd3 {[%emt 0:00:33]} a6 {[%emt 0:13:55]} 22. Nxd4 {[%emt 0:01:42]} Rac8 {[%emt 0:00:08]} 23. Nf3 {[%emt 0:08:46]} Rcd8 {[%emt 0:10:30]} 24. Rbd1 {[%emt 0:02:18]} c6 {[%emt 0:02:08]} 25. dxc6 {[%emt 0:05:09]} Qxc6 {[%emt 0:00:46]} 26. e5 {[%emt 0:01:25]} d5 {[%emt 0:05:54]} 27. Rc1 {[%emt 0:02:15]} Qe6 {[%emt 0:05:43]} 28. Nd4 {[%emt 0:01:59]} Qb6 {[%emt 0:00:11]} 29. Rc5 {[%emt 0:00:48]} Nf5 {[%emt 0:02:15]} 30. Nxf5 {[%emt 0:02:56]} gxf5 {[%emt 0:00:02]} 31. Qxf5 {[%emt 0:00:25]} d4 {[%emt 0:01:08]} 32. Rd1 {[%emt 0:01:58]} Re6 {[%emt 0:04:18]} 33. Bg3 {[%emt 0:05:38]} Rc6 {[%emt 0:05:44]} 34. Bh4 {[%emt 0:02:12]} Re8 {[%emt 0:00:14]} 35. Qd7 {[%emt 0:03:02]} Rce6 {[%emt 0:02:03]} 36. Rc7 {[%emt 0:00:53]} Rf8 {[%emt 0:00:11]} 37. f4 {[%emt 0:01:22]} Kh7 {[%emt 0:01:50]} 38. Be7 {[%emt 0:01:12]} 1-0

[Event "80th ARM-ch 2020"]
[Site "Yerevan"]
[Date "2020.01.19"]
[Round "8.3"]
[White "Ter-Sahakyan, Samvel"]
[Black "Gharibyan, Mamikon"]
[Result "0-1"]
[WhiteElo "2617"]
[BlackElo "2381"]
[Annotator "TA"]
[PlyCount "92"]
[EventDate "2020.01.12"]
[EventType "tourn"]
[EventCountry "ARM"]
[SourceTitle "playchess.com"]
[Source "ChessBase"]
[SourceQuality "1"]

{[%evp 34,92,15,6,14,12,11,13,14,3,15,0,15,12,8,6,13,16,11,14,12,9,7,7,10,0,0,0,7,14,12,0,0,0,0,0,0,0,0,-21,-21,-47,-21,-29,-21,-143,-102,-121,-121,-214,-207,-471,-450,-341,-279,-287,-282,-1031,-1012,-973,-949]} 1. e4 e5 2. Nf3 Nc6 3. Bb5 a6 4. Ba4 Nf6 5. O-O Be7 6. Re1 b5 7. Bb3 d6 8. c3 O-O 9. h3 Re8 10. d4 Bb7 11. Ng5 Rf8 12. Nf3 Re8 13. Nbd2 {[%cal Bb1d2,Bd2f1,Bf1g3][%mdl 32]} Bf8 14. Bc2 g6 15. d5 Nb8 {[%cal Bc6b8,Bb8d7,Bd7c5][%mdl 32]} 16. b3 c6 17. c4 Nbd7 18. Nf1 Nc5 {C92: Closed Ruy Lopez: 9...Be6, Karpov and Flohr-Zaitsev Variations} (18... Nb6 19. Rb1 Qc7 20. Ne3 c5 21. g4 h5 22. Kh1 Bg7 23. Rg1 hxg4 24. hxg4 Kf8 25. Rg3 Ke7 26. b4 cxb4 27. Rxb4 bxc4 28. Nxe5 Nxe4 29. Nxg6+ {0-1 (42) Jakovenko,D (2760)-Inarkiev,E (2675) Jermuk 2009}) 19. Ng3 a5 20. Be3 Ba6 {The position is equal.} 21. cxb5 Bxb5 22. dxc6 Qc7 23. Rc1 $146 ({Predecessor:} 23. Bxc5 dxc5 24. Bd3 Bxc6 25. Bc4 {½-½ (60) Renet,O (2480)-Sokolov,I (2650) Saint-Quentin 2014}) 23... Bxc6 24. Bxc5 dxc5 25. Bd3 Qb7 26. Qc2 a4 27. Rcd1 axb3 28. axb3 Rad8 29. Bc4 Rxd1 30. Qxd1 h6 ({Not} 30... Nxe4 $2 31. Nxe4 Kg7 32. Neg5 $18) 31. Qe2 Bd7 32. Qb2 Be6 33. Qc2 Bxc4 34. bxc4 h5 35. Rb1 Qc6 36. Rb5 Bh6 37. Qb1 {aiming for Rb6.} Kg7 38. Rb6 Qa4 39. Qb5 (39. Qd3 $11) 39... Qd1+ 40. Kh2 {Hoping for Rxf6!} Qd8 $1 41. Rb7 (41. Qa6 $17) 41... Bf4 $19 42. Qxc5 $2 (42. Kg1) 42... Nxe4 $1 43. Qa7 Qf6 {White must now prevent ...h4.} 44. Rb6 {[#]} Re6 $1 {[%cal Re6b6]} 45. Rb7 $2 (45. Rxe6 Qxe6 46. Kh1 Nxg3+ 47. fxg3 Bxg3 48. Qa1) 45... h4 46. Nxh4 Nxg3 {Accuracy: White = 44%, Black = 72%.} ({Inferior is} 46... Qxh4 47. Rxf7+ Kg8 48. Rg7+ Kh8 {[#]} 49. Qf7 $1 $11 {[%mdl 512]}) 0-1

[Event "80th ARM-ch 2020"]
[Site "Yerevan"]
[Date "2020.01.19"]
[Round "8.4"]
[White "Mikaelyan, Arman"]
[Black "Hovhannisyan, Robert"]
[Result "0-1"]
[WhiteElo "2476"]
[BlackElo "2641"]
[Annotator "TA"]
[PlyCount "110"]
[EventDate "2020.01.12"]
[EventType "tourn"]
[EventCountry "ARM"]
[SourceTitle "playchess.com"]
[Source "ChessBase"]
[SourceQuality "1"]

{[%evp 14,110,-18,-28,-27,-11,-21,-44,-34,-33,-27,-36,-31,-47,28,27,72,84,68,60,131,121,116,81,93,16,28,8,9,6,18,27,41,0,7,0,0,-7,0,0,-7,-22,-26,-11,-14,-35,-35,-36,-28,-32,-29,-29,-29,-34,-29,-29,-29,-39,-36,-36,-16,-16,-8,-34,-8,-25,-19,-25,-25,-25,-22,-60,-62,-82,-82,-118,-118,-140,-130,-156,-156,-368,-368,-354,-327,-257,-257,-257,-257,-694,-621,-1177,-972,-1298,-1233,-1423,-1422,-1235,-1204]} 1. e4 e5 2. Nf3 Nc6 3. d4 exd4 4. Nxd4 Nf6 5. Nxc6 bxc6 6. e5 Qe7 7. Qe2 Nd5 8. h4 Qe6 {C45: Scotch Game} 9. Nd2 a5 10. Nf3 Ba6 {Black is slightly better.} 11. c4 Nb6 {[%cal Rb6c4]} 12. b3 Bb4+ 13. Bd2 Bxd2+ (13... O-O $15) 14. Qxd2 $11 {[#]} d5 $146 {[#]} ({Predecessor:} 14... c5 15. O-O-O Bb7 16. Bd3 {1-0 (60) Nepomniachtchi,I (2773)-Vidit,S (2722) Kolkata 2019}) 15. cxd5 $1 Qxd5 16. Bxa6 Rxa6 {[#]} (16... Qxd2+ $14 17. Kxd2 Rxa6) 17. Qe2 $1 $16 {[%cal Re2a6]} Qb5 18. Qxb5 cxb5 19. O-O-O ({White should play} 19. Rc1 $16) 19... O-O 20. Nd4 b4 21. Nc2 c6 22. Rd6 Nd5 23. Nd4 a4 24. Kd2 axb3 25. axb3 Ra2+ 26. Kd3 Ne7 27. Nxc6 Nxc6 28. Rxc6 Rxf2 $11 {[%mdl 4096] Endgame KRR-KRR} 29. Rc4 Rxg2 30. Rxb4 Rg3+ 31. Ke2 h5 32. Kf2 Rc3 33. Re1 Re8 34. Rb5 Rh3 35. Re4 Ra8 36. Kg2 Rc3 37. Re2 Ra6 38. Rb4 Kh7 39. Rf2 Ra7 40. Rf3 Rc2+ 41. Kg3 Re2 42. Rb5 g6 43. Rf2 Re1 44. Rf3 Kg7 45. Rf2 Rd7 46. Rf3 Re4 47. Rf4 $2 (47. Kh3 $17) 47... Rd3+ $19 48. Rf3 Rg4+ 49. Kf2 Rxf3+ 50. Kxf3 Rxh4 {KR-KR} 51. Rb6 $2 (51. b4) 51... g5 {Black is clearly winning.} 52. Rb7 Kg6 53. b4 Rf4+ 54. Ke3 h4 55. Rb6+ Kf5 {Accuracy: White = 41%, Black = 63%.} 0-1

[Event "80th ARM-ch 2020"]
[Site "Yerevan"]
[Date "2020.01.19"]
[Round "8.5"]
[White "Hakobyan, Aram"]
[Black "Gabuzyan, Hovhannes"]
[Result "1-0"]
[WhiteElo "2582"]
[BlackElo "2585"]
[Annotator "TA"]
[PlyCount "115"]
[EventDate "2020.01.12"]
[EventType "tourn"]
[EventCountry "ARM"]
[SourceTitle "playchess.com"]
[Source "ChessBase"]
[SourceQuality "1"]

{[%evp 12,115,24,22,47,49,54,45,58,48,55,31,43,39,70,27,41,36,56,56,37,47,88,60,54,55,123,7,0,16,16,-14,17,39,76,77,81,54,70,60,67,74,79,70,68,56,106,104,110,85,285,285,275,275,241,232,313,314,287,219,207,176,209,206,208,209,191,199,192,145,145,145,145,150,154,13,14,0,75,67,68,0,694,658,611,553,834,834,830,795,5106,794,5106,5106,3267,5065,2037,1935,1180,1143,29980,29981,29981,29975,29973,29974]} 1. e4 c5 2. Nc3 d6 3. Nf3 Nf6 4. d4 cxd4 5. Nxd4 a6 6. h3 e5 7. Nde2 Nbd7 {B90: Sicilian Najdorf: Unusual White 6th moves, 6 Be3 Ng4 and 6 Be3 e5} 8. g4 h6 9. a4 Nc5 {White is slightly better.} 10. Bg2 Bd7 11. O-O $146 ({Predecessor:} 11. Ng3 Rc8 12. O-O Ne6 13. Nd5 h5 14. Be3 hxg4 15. Bb6 Nxd5 16. Bxd8 {½-½ (25) Areshchenko,A (2677)-Gabuzyan,H (2585) Al Ain 2015}) 11... Bc6 {[%cal Rc5e4]} 12. Ng3 Ne6 13. Nd5 {[%cal Bc3d5,Bd5b6,Bb6c4][%mdl 32]} g6 14. Be3 Bg7 15. Nb6 Rb8 16. Nc4 Ke7 17. Bb6 Qd7 18. Qd2 h5 (18... Kf8 $14) 19. Rfd1 (19. g5 $16 Ne8 20. Ne2) 19... hxg4 $11 20. hxg4 Ne8 21. Qb4 Bf6 22. f4 $36 {[%mdl 2048] White has the initiative.} Nxf4 {And now ...Kf8 would win.} ({Don't go for} 22... exf4 $2 23. e5 $18) 23. Nxd6 $1 {[%mdl 64] Remove Defender} ({Inferior is} 23. g5 Bxg5 24. Nxe5 Qc8 $17) 23... Nxd6 {[#]} 24. Rxd6 $1 {[%mdl 512]} Qxd6 25. Bc5 Rhd8 26. Bxd6+ Rxd6 27. Rd1 Rbd8 28. Bf1 Bg5 29. Bc4 $1 Ne6 {aiming for ...Be3+.} 30. Kf1 Be3 $2 (30... Bh4 $16) 31. Bxe6 $1 $18 fxe6 32. Ke2 $1 Bh6 33. Nf1 Bf8 34. Rxd6 Rxd6 35. Ne3 {Threatens to win with Nc4.} Ke8 {intending ...Rd4.} 36. Qa5 Rd4 37. Qxe5 {[%mdl 64] Double Attack} Rxe4 38. Qb8+ $1 Kf7 {White must now prevent ...Bc5.} 39. Kd3 $1 Bg7 40. c3 Be5 41. Qc8 Rxa4 42. Nc4 Bf4 {[#]} 43. Nb6 (43. g5 $1 $16 {[%mdl 512]} Rxc4 (43... Bxg5 44. Nd6+) 44. Kxc4) 43... Ra1 $11 44. Kc2 g5 (44... a5 $11 {keeps the balance.}) 45. Qd8 {[%mdl 1024] White has strong compensation.} Rg1 46. Nc8 (46. Nd7 $1 $14 Ba4+ 47. b3 Rg2+ 48. Kb1 Bxd7 49. Qxd7+ {[%mdl 64] Double Attack} Kf6 50. Qd4+ (50. Qxb7 Rxg4 51. Qxa6 Rg1+ 52. Ka2 Rg2+ 53. Ka3 Rd2 $14) 50... Kf7 51. Qb6 Rxg4 52. Qxb7+ Kf6 53. Qxa6) 46... Ba4+ $2 {[%mdl 8192]} (46... Bd5 $11 47. Qe7+ Kg8) 47. b3 $18 Rg2+ 48. Kb1 {Qe7+ is the strong threat.} Bxb3 {[#]} 49. Qe7+ $1 Kg6 {[#]} 50. Qf8 $1 {Intending Ne7+ and mate.} e5 51. Ne7+ Kh7 52. Nf5 {[%csl Gf5][%cal Rf8g7]} Bc2+ 53. Ka1 {[%csl Gf5][%cal Rf8g7]} Rg1+ 54. Kb2 {[%csl Gf5][%cal Rf8g7]} Bxf5 55. gxf5 {White wants to mate with Qf7+.} g4 56. Qf7+ {White mates.} Kh8 57. Qh5+ Kg7 58. Qg6+ {Accuracy: White = 68%, Black = 59%.} 1-0

[Event "80th ARM-ch 2020"]
[Site "Yerevan"]
[Date "2020.01.20"]
[Round "9.1"]
[White "Gabuzyan, Hovhannes"]
[Black "Pashikian, Arman"]
[Result "1/2-1/2"]
[WhiteElo "2585"]
[BlackElo "2605"]
[Annotator "TA"]
[PlyCount "31"]
[EventDate "2020.01.12"]
[EventType "tourn"]
[EventCountry "ARM"]
[SourceTitle "playchess.com"]
[Source "ChessBase"]
[SourceQuality "1"]

{[%evp 12,14,21,20,16]} 1. Nf3 d5 2. g3 Nf6 3. Bg2 c6 4. O-O Bg4 5. d3 Nbd7 6. Nbd2 e5 7. e4 dxe4 {A07: Réti Opening: New York and Capablanca Systems} {Predecessor:} 8. dxe4 $146 h6 9. h3 Be6 10. b3 Qc7 11. Bb2 Rd8 12. Qe2 b5 13. a4 a6 14. axb5 axb5 15. Nh4 Bc5 16. Kh1 {½-½ (30) Amin,B (2710)-Anand,V (2773) St Petersburg 2018} 1/2-1/2

[Event "80th ARM-ch 2020"]
[Site "Yerevan"]
[Date "2020.01.20"]
[Round "9.2"]
[White "Andriasian, Zaven"]
[Black "Martirosyan, Haik M."]
[Result "1/2-1/2"]
[WhiteElo "2611"]
[BlackElo "2613"]
[Annotator "TA"]
[PlyCount "33"]
[EventDate "2020.01.12"]
[EventType "tourn"]
[EventCountry "ARM"]
[SourceTitle "playchess.com"]
[Source "ChessBase"]
[SourceQuality "1"]

{[%evp 17,33,17,28,0,12,25,24,-3,22,16,33,0,0,0,40,26,14,18]} 1. e4 c5 2. Nf3 Nc6 3. Bb5 e6 4. O-O Nge7 5. c3 a6 6. Ba4 b5 7. Bc2 Bb7 8. d4 cxd4 9. Nxd4 Ng6 10. Nd2 {B30: Sicilian: 2...Nc6 3 Bb5, lines without ...g6} Qc7 11. N2f3 Rc8 $146 ({Predecessor:} 11... Bd6 12. a4 O-O 13. Kh1 Nxd4 14. cxd4 bxa4 15. Rxa4 Bc6 16. Ra1 Qb7 17. Re1 Rfc8 {0-1 (64) Fedorchuk,S (2592)-Kryvoruchko,Y (2536) Ustron 2006}) 12. a3 {[%cal Ba2a3,Ba3a4][%mdl 32] White has an edge.} Be7 13. Nxc6 dxc6 14. Qe2 c5 15. g3 e5 16. h4 Nf8 17. a4 1/2-1/2

[Event "80th ARM-ch 2020"]
[Site "Yerevan"]
[Date "2020.01.20"]
[Round "9.3"]
[White "Hovhannisyan, Robert"]
[Black "Hakobyan, Aram"]
[Result "1-0"]
[WhiteElo "2641"]
[BlackElo "2582"]
[Annotator "TA"]
[PlyCount "95"]
[EventDate "2020.01.12"]
[EventType "tourn"]
[EventCountry "ARM"]
[SourceTitle "playchess.com"]
[Source "ChessBase"]
[SourceQuality "1"]

{[%evp 29,95,35,23,39,50,43,34,26,31,13,13,13,21,29,42,33,29,39,237,233,230,238,236,230,241,214,289,289,293,142,122,108,108,108,107,106,101,102,108,109,112,102,102,96,100,0,46,20,20,8,79,0,0,0,99,99,165,99,29972,29972,29971,29973,12850,29939,29989,29990,29990,29991]} 1. e4 e5 2. Nf3 Nc6 3. Bb5 a6 4. Ba4 Nf6 5. O-O Nxe4 6. d4 b5 7. Bb3 d5 8. dxe5 Be6 9. Nbd2 Be7 10. c3 O-O 11. Bc2 f5 12. Nb3 Qd7 13. Nfd4 Nxd4 14. Nxd4 c5 15. Nxe6 Qxe6 16. f3 {C83: Open Ruy Lopez: 9 c3 Be7} Ng5 17. Bxg5 (17. a4 Rad8 18. axb5 axb5 19. Kh1 f4 20. Ra7 Rf7 21. Qe2 c4 22. g3 fxg3 23. Bxg5 Bxg5 24. Rxf7 Qxf7 {½-½ (41) Navara,D (2740)-Matlakov,M (2683) Czech Republic 2019}) 17... Bxg5 18. f4 {White is slightly better.} Be7 19. Qf3 Rad8 20. Rfd1 Rd7 21. Rd2 Rfd8 22. Rad1 g6 23. h3 $146 {[%mdl 2048] White has the initiative.} ({Predecessor:} 23. a4 Kh8 {½-½ (37) Lounek,J-Feco,J (2280) ICCF email 2000}) 23... h5 $2 (23... c4 $14) 24. g4 $1 $18 {[%cal Rg4f5]} hxg4 25. hxg4 fxg4 26. Qh1 $1 {Hoping for Rh2.} Bf8 27. Qh4 c4 28. Rh2 Bg7 {intending ...d4.} 29. Qh7+ (29. Re1 $18 {and White stays clearly on top.}) 29... Kf8 $16 30. Qxg6 Qxg6 31. Bxg6 d4 32. Kg2 dxc3 33. Rxd7 Rxd7 34. bxc3 {[%mdl 4096] Endgame KRB-KRB} a5 35. Kg3 b4 36. Rb2 Bh6 37. f5 ({White should play} 37. cxb4 $16 Rd4 38. Kxg4) 37... Rd5 38. Re2 {Threatens to win with f6.} (38. Kxg4 Rxe5 39. cxb4 c3 $11) 38... Bd2 $1 {[%cal Rd2c3]} 39. cxb4 {Strongly threatening Rh2.} ({Much worse is} 39. Kxg4 Bxc3 40. Rh2 Bxe5 $17) 39... axb4 (39... Bc3 $1 $11) 40. Kxg4 (40. Rh2 $16 Rd4 41. Rh8+ Kg7 42. Rh7+ Kg8 43. Kh4 g3+ 44. Kh3) 40... Bc3 $1 $11 41. Kf4 Rd4+ (41... b3 $11 42. axb3 cxb3) 42. Re4 $1 $16 Rd5 {[#]} (42... Rxe4+ $16 43. Kxe4 b3 44. axb3 cxb3) 43. f6 ({Don't play} 43. Rxc4 $6 Bxe5+ 44. Kg5 Ra5 $14) (43. e6 $1 $18 {[%cal Re6e7] White wants to mate with e7+.} Ke7 44. Rxc4 Rd4+ 45. Rxd4 Bxd4 46. Ke4) 43... Ra5 $2 {[%mdl 8192]} (43... b3 $16 44. axb3 (44. Rxc4 Bxe5+ {[%mdl 64] Double Attack} 45. Ke3 Bxf6 $11) 44... cxb3) 44. Kf5 Rc5 45. Rh4 {[%cal Rh4h8]} Rxe5+ 46. Kf4 {[%cal Rh4h8]} Kg8 {[#]} 47. f7+ $1 Kg7 {[#]} 48. Rh8 $1 {[%mdl 512] Accuracy: White = 60%, Black = 40%.} 1-0